000 00668nam a2200277Ia 4500
008 160525s9999||||xx |||||||||||||| ||und||
040 _cMarathi
082 _aXV.G/ Brahmendra
082 _bBORI-57446
100 _aDhavdshikar
245 _aShri Brahmendraswami Sarswati
260 _aDr.V. R. Pendharkar
260 _cSatara
300 _a16+77
300 _cB
300 _ePaperback
530 _u00057446.pdf
563 _aStudy
600 _aDhavdshikar
630 _aShri Brahmendraswami Sarswati
650 _aBiography
650 _aReference
700 _aDhavdshikar
730 _aShri Brahmendraswami Sarswati
942 _cBOOK
999 _c1380796
_d1380793